00367nam a2200145Ia 4500008004100000020001500041041001200056082002200068100004200090245001900132250001200151260002700163300001200190650001900202231217s9999 xx 000 0 und d a8131404773 aEnglish a004.692 SAT;1 R aSatish, D ed. Rajesh, Prabhakar K ed. 0aCombating spam a1st ed. c2006bIcfaiaHyderabad avi, 192 aCombating,spam